មិត្តខ្ញុំជាប់ចោទ / (Record no. 9436)
[ view plain ]
| 000 -LEADER | |
|---|---|
| fixed length control field | 01881nam a22003257a 4500 |
| 001 - CONTROL NUMBER | |
| control field | 9436 |
| 003 - CONTROL NUMBER IDENTIFIER | |
| control field | FISKH |
| 005 - DATE AND TIME OF LATEST TRANSACTION | |
| control field | 20260108085931.0 |
| 008 - FIXED-LENGTH DATA ELEMENTS--GENERAL INFORMATION | |
| fixed length control field | 260108b cb ||||| |||| 00| 0 eng d |
| 020 ## - INTERNATIONAL STANDARD BOOK NUMBER | |
| International Standard Book Number | 9789995054212 |
| 040 ## - CATALOGING SOURCE | |
| Original cataloging agency | FISKH |
| Language of cataloging | khr |
| Transcribing agency | FISKH |
| Modifying agency | FISKH |
| 050 ## - LIBRARY OF CONGRESS CALL NUMBER | |
| Classification number | PZ7 |
| 082 ## - DEWEY DECIMAL CLASSIFICATION NUMBER | |
| Classification number | 398.2 |
| 100 ## - MAIN ENTRY--PERSONAL NAME | |
| Personal name | Proeung , Pich |
| 245 ## - TITLE STATEMENT | |
| Title | មិត្តខ្ញុំជាប់ចោទ / |
| Statement of responsibility, etc. | និពន្ធរឿងដោយ ពេជ្រ ព្រឿង , គូររូបដោយ សំ សារ៉ាត |
| 260 ## - PUBLICATION, DISTRIBUTION, ETC. | |
| Place of publication, distribution, etc. | ភ្នំពេញ : |
| Name of publisher, distributor, etc. | ក្រុមបោះពុម្ពផ្សាយ ស៊ីប៉ា , |
| Date of publication, distribution, etc. | ២០១០ . |
| 300 ## - PHYSICAL DESCRIPTION | |
| Extent | 32 pages : |
| Other physical details | color illustrations ; |
| Dimensions | 19 cm . |
| 490 ## - SERIES STATEMENT | |
| Series statement | ខ្ញុំចង់អាន |
| 505 ## - FORMATTED CONTENTS NOTE | |
| Formatted contents note | O <br/> |
| 520 ## - SUMMARY, ETC. | |
| Summary, etc. | ការលួចមួយបានកើតឡើងនៅសាលារៀន។ នៅក្នុងការិយាល័យនាយក ស័រន ត្រូវបានចោទប្រកាន់ដោយអយុត្តិធម៌។ ស័រន និង ដារ៉ា បានស៊ើបអង្កេតករណីនេះ ហើយដោយសារមិត្តភាពរបស់ពួកគេ ការពិតក៏ត្រូវបានបង្ហាញឡើង។ |
| 520 ## - SUMMARY, ETC. | |
| Summary, etc. | A theft took place at school. In principal's office, Sorn was injustly charged. Sorn and Dara investigated the case and because of their friendship, the truth revealed . |
| 521 8# - TARGET AUDIENCE NOTE | |
| Target audience note | 610 <br/> |
| Source | Lexile estimate <br/> |
| 521 8# - TARGET AUDIENCE NOTE | |
| Target audience note | O <br/> |
| Source | Raz-Plus <br/> |
| 650 ## - SUBJECT ADDED ENTRY--TOPICAL TERM | |
| Topical term or geographic name entry element | មិត្តខ្ញុំជាប់ចោទ |
| Form subdivision | រឿងនិទានកុមារ |
| 650 ## - SUBJECT ADDED ENTRY--TOPICAL TERM | |
| Topical term or geographic name entry element | My friend was accused |
| Form subdivision | Children's Stories |
| 700 ## - ADDED ENTRY--PERSONAL NAME | |
| Personal name | Sarath , Sam |
| Relator term | Illustrator |
| 700 ## - ADDED ENTRY--PERSONAL NAME | |
| Personal name | Sothi , Hok |
| Relator term | Editor |
| 942 ## - ADDED ENTRY ELEMENTS (KOHA) | |
| Source of classification or shelving scheme | Dewey Decimal Classification |
| Koha item type | Khmer Books |
| Suppress in OPAC | No |
| Withdrawn status | Lost status | Source of classification or shelving scheme | Damaged status | Not for loan | Collection | Home library | Current library | Shelving location | Date acquired | Total Checkouts | Full call number | Barcode | Date last seen | Price effective from | Koha item type |
|---|---|---|---|---|---|---|---|---|---|---|---|---|---|---|---|
| Dewey Decimal Classification | Khmer Language Books / សៀវភៅភាសាខ្មែរ | Footprints International School Library Network Toul Tom Poung Campus | Footprints International School Library Network Toul Tom Poung Campus | TTP Primary Khmer Bookshelves | 01/08/2026 | PRO PZ7 398.2 | 2026-0011 | 01/08/2026 | 01/08/2026 | Khmer Books |
